00797cam a2200241I 45000010005000000030008000050050017000130080040000300350018000700400048000880410008001360820022001442450075001662600036002413000036002774900059003135040050003726500017004226500017004396500026004566500026004827000047005088640BD-RjUL20211208234626.0140119t1956 nyua b 00100 enge a(BD-RjUL)8685 aDLCcWSUdOCLdm.c.dSERdBOSdBD-RjULbeng aeng04216a530bMOD 195610aModern mathematics for the engineer /c[by] Royal Weller [and others]. aNew York :bMcGraw-Hill,cc1956 axx, 514 p. :billus. ;c24 cm.0 aUniversity of California engineering extension series. aIncludes bibliographical reference and index. 0aMathematics. 0aEngineering. 0aMathematical physics. 0aEngineeringxPhysics.10aBeckenbach, Edwin F. ... [et. al.].d1905-